Countries That Say ''Ni'' - Statistics

General Stats
  • This quiz has been taken 143 times
  • The average score is 11 of 24
Answer Stats
Ni % Correct
Niger
86%
Nigeria
86%
Nicaragua
69%
United States
64%
United Kingdom
62%
United Arab Emirates
59%
Albania
58%
Afghanistan
50%
Armenia
50%
Bosnia and Herzegovina
47%
Romania
45%
Estonia
43%
Tanzania
42%
Lithuania
41%
Tunisia
40%
Slovenia
39%
Benin
36%
Turkmenistan
36%
Dominican Republic
33%
Mauritania
33%
Dominica
32%
North Macedonia
26%
Trinidad and Tobago
25%
Eswatini
17%
No matching quizzes found
Score Distribution
Percent of People with Each Score
Percentile by Number Answered
Your Score History
You have not taken this quiz